000 00998cam a2200361 4500500
005 20260329005003.0
041 _afre
042 _adc
100 1 0 _aLegros, Martin
_eauthor
245 0 0 _aDan Sperber : “Arrêtons de faire de la raison un superpouvoir digne des héros Marvel !”
260 _c2022.
500 _a10
690 _aAddiction
690 _aBiais cognitif
690 _aCroyance
690 _aDan Sperber
690 _aerreur
690 _aEthnologie
690 _aidées
690 _aIllusion
690 _aInfox
690 _aLogique
690 _aNaissance
690 _aRaison
690 _aRationalité
690 _aRéputation
690 _aRéseaux sociaux
690 _aSciences cognitives
690 _aSymbole
690 _aVirus
786 0 _nPhilosophie magazine | 156 | 2 | 2022-02-01 | p. 37-40 | 1951-1787
856 4 1 _uhttps://shs.cairn.info/magazine-philosophie-magazine-2022-2-page-37?lang=fr&redirect-ssocas=7080
999 _c1839175
_d1839175